Reseña geográfica y estadística de España / (Record no. 126652)
[ view plain ]
| 000 -LEADER | |
|---|---|
| campo de control de longitud fija | 00972nam a2200253 i 4500 |
| 001 - NÚMERO DE CONTROL | |
| campo de control | 126652 |
| 003 - IDENTIFICADOR DE NÚMERO DE CONTROL | |
| campo de control | ES-MaACL |
| 005 - FECHA Y HORA DE LA ÚLTIMA TRANSACCIÓN | |
| campo de control | 20230906192844.0 |
| 007 - CAMPO FIJO DE DESCRIPCIÓN FÍSICA--INFORMACIÓN GENERAL | |
| campo de control de longitud fija | t| |
| 008 - DATOS DE LONGITUD FIJA--INFORMACIÓN GENERAL | |
| campo de control de longitud fija | 070214s1912 sp cbf |||| | spa d |
| 080 ## - NÚMERO DE LA CLASIFICACIÓN DECIMAL UNIVERSAL | |
| Número de la Clasificación Decimal Universal | 55(460) |
| 080 ## - NÚMERO DE LA CLASIFICACIÓN DECIMAL UNIVERSAL | |
| Número de la Clasificación Decimal Universal | 914.6 |
| 080 ## - NÚMERO DE LA CLASIFICACIÓN DECIMAL UNIVERSAL | |
| Número de la Clasificación Decimal Universal | 31(460) |
| 110 2# - ENTRADA PRINCIPAL--NOMBRE DE ENTIDAD CORPORATIVA | |
| Nombre de entidad corporativa o nombre de jurisdicción como elemento de entrada | Instituto Geográfico y Estadístico (España) |
| 9 (RLIN) | 3892 |
| 245 10 - MENCIÓN DEL TÍTULO | |
| Título | Reseña geográfica y estadística de España / |
| Mención de responsabilidad, etc. | publicada por la Dirección General del Instituto Geográfico y Estadístico. |
| 260 ## - PUBLICACIÓN, DISTRIBUCIÓN, ETC. | |
| Lugar de publicación, distribución, etc. | Madrid : |
| Nombre del editor, distribuidor, etc. | Dirección General del Instituto Geográfico y Estadístico, |
| Fecha de publicación, distribución, etc. | 1912. |
| 300 ## - DESCRIPCIÓN FÍSICA | |
| Extensión | VIII, 516 p., 1 retr. ; |
| Dimensiones | 28 cm + |
| Material acompañante/anejo | 8 map. pleg., 20 gráf., 6 lám. pleg. |
| 594 ## - Nota al título y mención de responsabilidad | |
| Nota al título y mención de responsabilidad | Precede al tít.: Ministerio de Instrucción Pública y Bellas Artes. |
| 599 ## - NOTA A LAS ILUSTRACIONES | |
| NOTA A LAS ILUSTRACIONES | Lám. con 1 retr. de Alfonso XIII. |
| 650 #4 - PUNTO DE ACCESO ADICIONAL DE MATERIA--TÉRMINO DE MATERIA | |
| Término de materia o nombre geográfico como elemento de entrada | Geología- |
| Subdivisión geográfica | España. |
| 9 (RLIN) | 138819 |
| 651 #4 - PUNTO DE ACCESO ADICIONAL DE MATERIA--NOMBRE GEOGRÁFICO | |
| Nombre geográfico | España- |
| Subdivisión general | Geografía. |
| 9 (RLIN) | 8200 |
| 651 #4 - PUNTO DE ACCESO ADICIONAL DE MATERIA--NOMBRE GEOGRÁFICO | |
| Nombre geográfico | España- |
| Subdivisión de forma | Estadísticas. |
| 9 (RLIN) | 162174 |
| 852 ## - LOCALIZACIÓN | |
| Ubicación | ES-MaACL |
| Número de control de estantería | C-12745 |
| Estatus retirado | Estado de pérdida | Estado de daño | No para préstamo | Biblioteca de origen | Biblioteca actual | Ubicación en estantería | Fecha de adquisición | Fuente de adquisición | Total de préstamos | Signatura topográfica completa | Código de barras | Visto por última vez | Precio de reemplazo | Tipo de ítem Koha |
|---|---|---|---|---|---|---|---|---|---|---|---|---|---|---|
| Biblioteca del Ateneo de Madrid | Biblioteca del Ateneo de Madrid | Sala Palomar | 17/01/2008 | C-12745 | 1131919 | 23/02/2023 | 23/02/2023 | Libro impreso |
